Gaming Quiz

Random Gaming or City Quiz

Pokémon Locations (Slideshow) Quiz Stats

Quiz not verified by Sporcle

Challenge
Share
Tweet
Score 0/30 Timer 10:00
0 Plays Today
% Correct
Pallet Town
96.7%
Pewter City
76%
Lavender Town
70.4%
New Bark Town
70.1%
Celadon City
69.2%
Vermilion City
67.6%
Viridian City
66.5%
Saffron City
64.9%
Goldenrod City
64.1%
Cinnabar Island
63%
Lilycove City
62.6%
Ecruteak City
58.5%
Olivine City
54.3%
Mauville City
54.1%
Petalburg City
53.7%
% Correct
Mossdeep City
52.4%
Jubilife City
52%
Cianwood City
51.8%
Azalea Town
51.8%
Fortree City
51.8%
Sunyshore City
51.2%
Slateport City
49.8%
Hearthome City
49.7%
Snowpoint City
46.9%
Twinleaf Town
43.2%
Canalave City
40.2%
Solaceon Town
34.5%
Opelucid City
33.4%
Striaton City
31.5%
Accumula Town
29.2%

You're not logged in!

Compare scores with friends on all Sporcle quizzes.
Sign Up with Email
OR
Log In

You Might Also Like...

Show Comments

Extras

Top Quizzes Today


Score Distribution

Your Account Isn't Verified!

In order to create a playlist on Sporcle, you need to verify the email address you used during registration. Go to your Sporcle Settings to finish the process.